La Marsopa de Heidegger : (Record no. 48401)

MARC details
000 -LEADER
fixed length control field 00712nam a22002177a 4500
005 - DATE AND TIME OF LATEST TRANSACTION
control field 20150124130024.0
008 - FIXED-LENGTH DATA ELEMENTS--GENERAL INFORMATION
fixed length control field 140130t sp||||| |||| 00| 0 esp d
020 ## - INTERNATIONAL STANDARD BOOK NUMBER
International Standard Book Number 8497720229
050 04 - LIBRARY OF CONGRESS CALL NUMBER
Classification number B 3279 .H45
Item number C37 2003
100 1# - MAIN ENTRY--PERSONAL NAME
Personal name Castrodeza, Carlos
245 13 - TITLE STATEMENT
Title La Marsopa de Heidegger :
Remainder of title El Lugar de la Ciencia Actual /
Statement of responsibility, etc Carlos Castrodeza
250 ## - EDITION STATEMENT
Edition statement Primera Edición: 2003
260 ## - PUBLICATION, DISTRIBUTION, ETC. (IMPRINT)
Place of publication, distribution, etc Madrid. España :
Name of publisher, distributor, etc Dykinson,
Date of publication, distribution, etc 2003.
300 ## - PHYSICAL DESCRIPTION
Extent 110 paginas,
Dimensions 21 X 15 centimetros,
490 ## - SERIES STATEMENT
Series statement Humanidades,
Volume number/sequential designation Número: 6
504 ## - BIBLIOGRAPHY, ETC. NOTE
Bibliography, etc Incluye: Bibliografía
600 14 - SUBJECT ADDED ENTRY--PERSONAL NAME
Personal name Heidegger, Martín
Dates associated with a name 1889-1969
650 #7 - SUBJECT ADDED ENTRY--TOPICAL TERM
Source of heading or term Lemb
Topical term or geographic name as entry element Filosofía
General subdivision Ciencia y Cultura
700 1# - ADDED ENTRY--PERSONAL NAME
Personal name Castrodeza, Carlos
942 ## - ADDED ENTRY ELEMENTS (KOHA)
Source of classification or shelving scheme Clasificación Decimal Dewey
Koha item type Libro
Holdings
Estado de pérdida Fuente de clasificación Estado del daño No para préstamo Ubicación permanente Ubicación actual Apartado o colección Fecha de adquisición Área del conocimiento Clasificación Código de Barras Date last seen Número de copia Tipo de recurso
  Biblioteca del Cogreso de los Estados Unidos     Biblioteca de la Facultad de Filosofía Biblioteca de la Facultad de Filosofía General 30/01/2014   B 3279 .H45 C37 2003 BFF000003767 16/01/2015 C: 1 Libro